000 00661cam a2200193 a 4500
999 _c50582
_d50582
001 18140578
005 20230316170904.0
008 140506s2010 lu bc i000 0 eng d
020 _a9789279106279
041 _aeng
080 _a32(4) T-44
245 0 4 _aThe European Commission, 2010-14 :
_bprofiles and priorities /
_cEuropean Commission.
264 _aLuxembourg :
_bPublications Office of the European Union,
_c2010.
300 _a60 p. :
_bports., col. map ;
_c23 cm.
653 _aევროპის კომისია
653 _aევროკავშირი
653 _aევროკომისიები.
942 _2udc
_cMX